F1 Get the most out of Excel : (Record no. 62318)

MARC details
000 -LEADER
fixed length control field 00580nam a22001577a 4500
005 - DATE AND TIME OF LATEST TRANSACTION
control field 20120208152816.0
020 ## - INTERNATIONAL STANDARD BOOK NUMBER
International Standard Book Number 8183331251
Terms of availability 180.00
035 ## - SYSTEM CONTROL NUMBER
System control number B-220275
037 ## - SOURCE OF ACQUISITION
Stock number DPL
Source of stock number/acquisition ENG
100 ## - MAIN ENTRY--PERSONAL NAME
Personal name Rubin, Joseph
245 ## - TITLE STATEMENT
Title F1 Get the most out of Excel :
Remainder of title The ultimate excel tip help guide /
Statement of responsibility, etc by Joseph Rubin
260 ## - PUBLICATION, DISTRIBUTION, ETC. (IMPRINT)
Place of publication, distribution, etc New Delhi
Name of publisher, distributor, etc BPB Publications
Date of publication, distribution, etc 2006
300 ## - PHYSICAL DESCRIPTION
Extent xxix, 818p.
Dimensions 18 cms.
942 ## - ADDED ENTRY ELEMENTS (KOHA)
Source of classification or shelving scheme Dewey Decimal Classification
Item type English Books
Classification part 005.3
Call number suffix RUB
Holdings
Withdrawn status Lost status Not for loan Collection code Home library Current library Date acquired Cost, normal purchase price Full call number Barcode Cost, replacement price Koha item type
      Non-fiction Sarojini Nagar Sarojini Nagar 08/02/2012 180.00 005.3 RUB B-220275 180.00 English Books

© Delhi Public Library
Hit Counter
free hit counter